Advanced Engineering Mathematics (Record no. 8004)
[ view plain ]
| 000 -LEADER | |
|---|---|
| fixed length control field | 00361nam a2200145Ia 4500 |
| 003 - CONTROL NUMBER IDENTIFIER | |
| control field | OSt |
| 008 - FIXED-LENGTH DATA ELEMENTS--GENERAL INFORMATION | |
| fixed length control field | 191201s2011 xx 000 0 und d |
| 082 ## - DEWEY DECIMAL CLASSIFICATION NUMBER | |
| Classification number | 510 |
| Item number | MAA |
| 100 ## - MAIN ENTRY--PERSONAL NAME | |
| Personal name | MATHUR, A. B. & JAGGI, V. P. |
| 245 #0 - TITLE STATEMENT | |
| Title | Advanced Engineering Mathematics |
| 250 ## - EDITION STATEMENT | |
| Edition statement | 19th Rep |
| 260 ## - PUBLICATION, DISTRIBUTION, ETC. (IMPRINT) | |
| Date of publication, distribution, etc | 2011 |
| Name of publisher, distributor, etc | Khanna Publisher |
| Place of publication, distribution, etc | NEW DELHI |
| 300 ## - PHYSICAL DESCRIPTION | |
| Extent | 1259 |
| 942 ## - ADDED ENTRY ELEMENTS (KOHA) | |
| Source of classification or shelving scheme | Dewey Decimal Classification |
| Koha item type | Text Books |
| Withdrawn status | Lost status | Source of classification or shelving scheme | Damaged status | Not for loan | Collection code | Home library | Current library | Date acquired | Source of acquisition | Cost, normal purchase price | Bill Number | Total Checkouts | Full call number | Acc. no. / Barcode | Date last seen | Date last borrowed | Bill Date | Koha item type |
|---|---|---|---|---|---|---|---|---|---|---|---|---|---|---|---|---|---|---|
| Dewey Decimal Classification | Applied Sc. | PIET C-LIBRARY | PIET C-LIBRARY | 02/09/2006 | M/s UBS, Delhi | 185.00 | 125382 | 1 | 510 MAA | 2504 | 04/12/2025 | 20/11/2025 | 22/08/2005 | Text Books | ||||
| Dewey Decimal Classification | Applied Sc. | PIET C-LIBRARY | PIET C-LIBRARY | 02/09/2006 | M/s UBS, Delhi | 185.00 | 125382 | 2 | 510 MAA | 2505 | 04/04/2025 | 19/03/2025 | 22/08/2005 | Text Books | ||||
| Dewey Decimal Classification | Applied Sc. | PIET C-LIBRARY | PIET C-LIBRARY | 02/09/2006 | M/s UBS, Delhi | 185.00 | 125382 | 2 | 510 MAA | 2506 | 19/12/2025 | 04/12/2025 | 22/08/2005 | Text Books | ||||
| Dewey Decimal Classification | Applied Sc. | PIET C-LIBRARY | PIET C-LIBRARY | 04/09/2006 | M/s UBS, Delhi | 185.00 | 125382 | 1 | 510 MAA | 3411 | 16/09/2025 | 04/09/2025 | 23/08/2005 | Text Books | ||||
| Dewey Decimal Classification | Applied Sc. | PIET C-LIBRARY | PIET C-LIBRARY | 04/09/2006 | M/s UBS, Delhi | 185.00 | 125382 | 510 MAA | 3412 | 04/12/2019 | 23/08/2005 | Text Books | ||||||
| Dewey Decimal Classification | Diploma in Mechanical | PIET C-LIBRARY | PIET C-LIBRARY | 03/07/2012 | IBH, New Delhi | 250.00 | 4860 | 510 MAA | DE53 | 04/12/2019 | 03/07/2012 | Text Books | ||||||
| Dewey Decimal Classification | Diploma in Mechanical | PIET C-LIBRARY | PIET C-LIBRARY | 03/07/2012 | IBH, New Delhi | 250.00 | 4860 | 1 | 510 MAA | DE54 | 21/01/2021 | 07/01/2021 | 03/07/2012 | Text Books | ||||
| Dewey Decimal Classification | Diploma in Mechanical | PIET C-LIBRARY | PIET C-LIBRARY | 03/07/2012 | IBH, New Delhi | 250.00 | 4860 | 510 MAA | DE55 | 04/12/2019 | 03/07/2012 | Text Books | ||||||
| Dewey Decimal Classification | Diploma in Mechanical | PIET C-LIBRARY | PIET C-LIBRARY | 03/07/2012 | IBH, New Delhi | 250.00 | 4860 | 510 MAA | DE56 | 04/12/2019 | 03/07/2012 | Text Books | ||||||
| Dewey Decimal Classification | Diploma in Mechanical | PIET C-LIBRARY | PIET C-LIBRARY | 03/07/2012 | IBH, New Delhi | 250.00 | 4860 | 510 MAA | DE57 | 04/12/2019 | 03/07/2012 | Text Books | ||||||
| Dewey Decimal Classification | Diploma in Mechanical | PIET C-LIBRARY | PIET C-LIBRARY | 03/07/2012 | IBH, New Delhi | 250.00 | 4860 | 510 MAA | DE58 | 04/12/2019 | 03/07/2012 | Text Books |